000 00609nam a2200241Ia 4500
003 OSt
005 20221006145203.0
006 a|||||r|||| 00| 0
007 ta
008 221006b |||||||| |||| 00| 0 eng d
020 _c3.00
024 _a14,056
037 _cTextual
040 _aEASL
_cEASL
_beng
041 _2eng
_aeng
082 _aD65, J8
100 _aTURNER Rufus P
_9421625
245 0 _aTransistors theory and practice
260 _aBombay
_bTreasure House
_c1958
300 _a160p.
_ccm.
942 _hD65, J8
_cTEXL
_2CC
999 _c1082142
_d1082142